| 000 | 00402nam a2200181Ia 4500 | ||
|---|---|---|---|
| 005 | 20250603145436.0 | ||
| 008 | 250603s9999 xx 000 0 und d | ||
| 020 | _a0435176706 | ||
| 050 | _aPR 6029 .R8 .N49/ | ||
| 100 | _aSpender, Stephen | ||
| 245 | 0 | _aNineteen eighty-four | |
| 260 | _aLondon | ||
| 260 | _bHeinemann | ||
| 260 | _c2004 | ||
| 300 | _a318 p | ||
| 650 | _aLondon | ||
| 942 | _cBK | ||
| 999 |
_c41869 _d41869 |
||